A Textbook of Engineering drawing/ (Record no. 6412)

000 -LEADER
fixed length control field 00421nam a2200133 4500
008 - FIXED-LENGTH DATA ELEMENTS--GENERAL INFORMATION
fixed length control field 150924b xxu||||| |||| 00| 0 eng d
020 ## - INTERNATIONAL STANDARD BOOK NUMBER
International Standard Book Number 8121914310
050 ## - LIBRARY OF CONGRESS CALL NUMBER
Classification number T 353 .D53 2014
100 ## - MAIN ENTRY--PERSONAL NAME
Personal name Dhawan, R. K.
Dates associated with a name 2014.
245 ## - TITLE STATEMENT
Title A Textbook of Engineering drawing/
Statement of responsibility, etc. R. K. Dhawan.
260 ## - PUBLICATION, DISTRIBUTION, ETC. (IMPRINT)
Place of publication, distribution, etc. NewDelhi:
Name of publisher, distributor, etc. S.Chand & company ltd,
Date of publication, distribution, etc. 2014.
300 ## - PHYSICAL DESCRIPTION
Extent xii,673p.
Other physical details ill.;
Dimensions 24CM
650 ## - SUBJECT ADDED ENTRY--TOPICAL TERM
Topical term or geographic name as entry element Engineering drawing.
942 ## - ADDED ENTRY ELEMENTS (KOHA)
Source of classification or shelving scheme
Koha item type Hard Covered Materials
Classification part T 353 .D53 2014
Koha issues (borrowed), all copies 1
Holdings
Withdrawn status Lost status Source of classification or shelving scheme Damaged status Not for loan Home library Current library Shelving location Date acquired Source of acquisition Cost, normal purchase price Total Checkouts Total Renewals Full call number Barcode Date last seen Date last checked out Price effective from Koha item type
          MACHAKOS UNIVERSITY LIBRARY MACHAKOS UNIVERSITY LIBRARY Open shelf 24/09/2015 Purchase 1250.00 38 2 T 353 .D53 2014 12305 08/12/2023 01/11/2023 24/09/2015 Hard Covered Materials
© Machakos University Library, Along The Highway, Machakos Wote Rd, Machakos, Kenya P.O. Box 136 - 90100 Machakos - Kenya

Tel: ( +254 ) 723 805829 OR Fax : 044-20353 OR Email: library@mksu.ac.ke